Central Library, Doon University
WEBOPAC (ONLINE PUBLIC ACCESS CATALOGUE)

Klimov Nuclear Physics and Nuclear Reactors (Record no. 60695)

MARC details
000 -LEADER
fixed length control field 00497nam a22001817a 4500
005 - DATE & TIME
control field 20260423121632.0
008 - FIXED-LENGTH DATA ELEMENTS--GENERAL INFORMATION
fixed length control field 260423b |||||||| |||| 00| 0 eng d
020 ## - ISBN
International Standard Book Number 9789386479037
Price 295.00
040 ## - CATALOGING SOURCE
Original cataloging agency Doon University
041 ## - Language
Language English
082 ## - DDC NUMBER
Classification number 539.7
Book Number NUC
100 ## - MAIN ENTRY--PERSONAL NAME
Personal name Rudhitskaya, O. (ed)
245 ## - TITLE STATEMENT
Title Klimov Nuclear Physics and Nuclear Reactors
260 ## - PUBLICATION, DISTRIBUTION, ETC. (IMPRINT)
Place of publication, distribution, etc New Delhi
Name of publisher, distributor, etc MedTech Science Press
Date of publication, distribution, etc 2018
300 ## - PHYSICAL DESCRIPTION
Pages 404
650 ## - Subject
Subject Physics Physics (PM USHA)
942 ## - ADDED ENTRY ELEMENTS (KOHA)
Koha item type Books
100 ## - MAIN ENTRY--PERSONAL NAME
-- 26697
650 ## - Subject
-- 26700
952 ## - LOCATION AND ITEM INFORMATION (KOHA)
-- 2026-04-23
952 ## - LOCATION AND ITEM INFORMATION (KOHA)
-- 2026-04-23
952 ## - LOCATION AND ITEM INFORMATION (KOHA)
-- 2026-04-23
Holdings
Withdrawn status Lost status Source of classification or shelving scheme Damaged status Not for loan Location (home branch) Sublocation or collection (holding branch) Date acquired Koha issues (times borrowed) Koha full call number Accession No. Koha date last seen Koha item type
          Doon University Doon University 23.04.2026   539.7 NUC 32767 23.04.2026 Books
          Doon University Doon University 23.04.2026   539.7 NUC 32768 23.04.2026 Books
          Doon University Doon University 23.04.2026   539.7 NUC 32769 23.04.2026 Books
Contact : +91-135-2533126 (Library),+91-135-2533105 (Admin Office) , Email : doonlibrary@gmail.com

Powered by Koha